000 00718nam a2200229 4500
003 OSt
005 20240605070524.0
006 a
008 240605b |||||||| |||| 00| 0 eng d
020 _a9789810696160
040 _aDWCL-Main lib.
_cOC
082 _2second edition
_aCirc. 330.01 F983 2011
100 _aSydsæter Knut
245 _aFurther mathematics for economic analysis /
250 _asecond edition
260 _aSingapore :
_bPearson Education South Asia,
_cc2011.
300 _axi,
_b616 pages : illustrations ;
_c25 cm.
504 _aIncludes bibliographical references.
650 _a1. Economics, mathematical.
700 _aKnut Sydsæter
942 _2ddc
_n0
_cBK-CIRC
_esecond edition
_kCirc.
999 _c203
_d203